[Event "FSGM July"]
[Site "Budapest HUN"]
[Date "2006.07.10"]
[Round "10"]
[White "Radziewicz,I"]
[Black "Horvath,And"]
[Result "1-0"]
[WhiteElo "2425"]
[BlackElo "2322"]

1.d4 Nf6 2.c4 g6 3.Nc3 d5 4.cxd5 Nxd5 5.e4 Nxc3 6.bxc3 Bg7 7.Nf3 O-O 8.Be2 b6
9.O-O Bb7 10.Qd3 Nd7 11.e5 e6 12.Ng5 Qe7 13.Bf3 Bd5 14.Bxd5 exd5 15.f4 h6
16.Nf3 f5 17.a4 Qe6 18.h4 c5 19.Ba3 c4 20.Qe2 Rf7 21.h5 gxh5 22.Nh4 Kh7 23.Qxh5 Re8
24.Nf3 Bf8  1-0

[Event "COQ"]
[Site "Montreal CAN"]
[Date "2006.07.10"]
[Round "4"]
[White "Chabot,R"]
[Black "Luksza,A"]
[Result "1/2-1/2"]
[WhiteElo "2244"]
[BlackElo "2131"]

1.d4 Nf6 2.c4 g6 3.Nc3 d5 4.cxd5 Nxd5 5.e4 Nxc3 6.bxc3 Bg7 7.Bc4 O-O 8.Ne2 Nc6
9.Bg5 h6 10.Be3 e5 11.d5 Na5 12.Bd3 b6 13.Qd2 Kh7 14.Ng3 Qe7 15.O-O Nb7 16.Rac1 Nc5
17.Bb1 h5 18.f3 Ba6 19.c4 Rad8 20.Rfd1 Bc8 21.Ne2 Rg8 22.Nc3 Bf8 23.Re1 a6
24.Bc2 f6 25.Rcd1 Qe8 26.Rb1 g5 27.Ne2 h4 28.h3 Rg7 29.Nc1 Kh8 30.Nb3 Ne6
31.Kf2 Nf4 32.Rh1 Nh5 33.Na1 a5 34.c5 Bxc5 35.Bxc5 bxc5 36.Qxa5 Ng3 37.Rhe1 Qf8
38.Qc3 Re8 39.Nb3 f5 40.Qxc5 fxe4 41.Qxf8+ Rxf8 42.Nd2 exf3 43.gxf3 Nh5 44.Rxe5 Nf4
45.Rb8 Nxh3+ 46.Ke3 Rgf7 47.Be4 Kg7 48.d6 cxd6 49.Rd5 Be6 50.Rxf8 Kxf8 51.Rxd6 Bxa2
52.Rg6 Ke7  1/2-1/2

[Event "ch-NOR"]
[Site "Moss NOR"]
[Date "2006.07.10"]
[Round "3"]
[White "Tallaksen,G"]
[Black "Elsness,F"]
[Result "1-0"]
[WhiteElo "2356"]
[BlackElo "2428"]

1.d4 Nf6 2.c4 g6 3.Nc3 d5 4.cxd5 Nxd5 5.e4 Nxc3 6.bxc3 Bg7 7.Bc4 c5 8.Ne2 Nc6
9.Be3 O-O 10.O-O Qc7 11.Rc1 Rd8 12.Bf4 Qd7 13.dxc5 Qe8 14.Bd5 Ne5 15.Nd4 e6
16.Bb3 Qe7 17.Be3 b6 18.cxb6 Ba6 19.c4 Qb7 20.Qe2 Qxe4 21.Nb5 axb6 22.Nc7 Ra7
23.Nxa6 Rxa6 24.c5 b5 25.Qxb5 Raa8 26.c6 Rdb8 27.Bb6 Rc8 28.c7 Qb7 29.Rfd1 Bh6
30.Rc3 Bf4 31.a4 Ng4 32.h3 Nf6 33.Rd8+ Kg7 34.Qc5 Ne8 35.Bxe6 Rxc7 36.Qd4+ f6
37.Rxc7+ Nxc7 38.Rd7+  1-0

[Event "XXIV Andorra Open"]
[Site "Andorra la Vella AND"]
[Date "2006.07.11"]
[Round "4"]
[White "Gupta,Ab"]
[Black "Gopal,G"]
[Result "1-0"]
[WhiteElo "2424"]
[BlackElo "2343"]

1.d4 Nf6 2.c4 g6 3.Nc3 d5 4.cxd5 Nxd5 5.e4 Nxc3 6.bxc3 Bg7 7.Nf3 c5 8.Rb1 O-O
9.Be2 b6 10.O-O Bb7 11.Qd3 e6 12.Bg5 Qc7 13.Qe3 Nd7 14.e5 a6 15.Qf4 b5 16.a4 bxa4
17.Be7 Rfc8 18.Bd6 Qc6 19.Bd3 cxd4 20.cxd4 Nf8 21.h4 Qd7 22.Ng5 Bd5 23.Rb6 Rc3
24.Be2 Rb3 25.Rb1 Qa7 26.Bc5 Qc7 27.Bd1 f6 28.Bxb3 axb3 29.Nf3 Nd7 30.R6xb3 fxe5
31.Qe3 Bxb3 32.Qxb3 Re8 33.Ng5 Nxc5 34.dxc5 Qc6 35.Qb7 Qxb7 36.Rxb7 h6 37.c6 e4
38.Nxe4 Rc8 39.Rb6 a5 40.Nd6 Rc7 41.Nb5 Rc8 42.f4 a4 43.c7  1-0

[Event "Open A"]
[Site "Oberwart AUT"]
[Date "2006.07.11"]
[Round "4"]
[White "Erdos,V"]
[Black "Moser,E"]
[Result "1-0"]
[WhiteElo "2528"]
[BlackElo "2395"]

1.d4 Nf6 2.c4 g6 3.Nc3 d5 4.cxd5 Nxd5 5.e4 Nxc3 6.bxc3 Bg7 7.Bc4 O-O 8.Ne2 c5
9.O-O Nc6 10.Be3 Bd7 11.Rb1 a6 12.d5 Ne5 13.Bb3 Qc7 14.f4 Ng4 15.Bc1 c4 16.Bc2 e5
17.dxe6 Bxe6 18.Nd4 Bc8 19.Qf3 Rd8 20.h3 Nf6 21.f5 Nh5 22.Bg5 Rxd4 23.cxd4 Bxd4+
24.Be3 Be5 25.g4 Ng3 26.Bb6 Qc6 27.Rfd1 gxf5 28.Rd8+ Kg7 29.gxf5 Bxf5 30.Rxa8 Bxh3
31.Be3 b5 32.Kf2 Qxa8 33.Bf4 Bxf4 34.Qxf4 Nf1 35.Qg5+ Kh8 36.Qf6+ Kg8 37.Qg5+ Kh8
38.Rd1 Qa7+ 39.Ke2  1-0

[Event "Open A"]
[Site "Oberwart AUT"]
[Date "2006.07.13"]
[Round "6"]
[White "Malakhatko,V"]
[Black "Gofshtein,Z"]
[Result "1/2-1/2"]
[WhiteElo "2594"]
[BlackElo "2521"]

1.d4 Nf6 2.c4 g6 3.Nc3 d5 4.cxd5 Nxd5 5.e4 Nxc3 6.bxc3 Bg7 7.Nf3 c5 8.Rb1 O-O
9.Be2 b6 10.O-O Bb7 11.d5 Bxc3 12.Qb3 Bg7 13.Bf4 Qc8 14.Rfe1 Ba6 15.Bxa6 Nxa6
16.e5 e6 17.d6 Nb4 18.Qc4 Qd7 19.Rxb4 cxb4 20.Qxb4 Rac8 21.h4 Rc5 22.h5 h6
23.hxg6 fxg6 24.Bg3 g5 25.Qg4 Qf7 26.Nd4 Rc4 27.Re4 Qe8 28.f4 Kh7  1/2-1/2

[Event "25th Open"]
[Site "St Veit AUT"]
[Date "2006.07.13"]
[Round "6"]
[White "Ressmann,A"]
[Black "Eichhorn,Al"]
[Result "0-1"]
[WhiteElo "2202"]
[BlackElo "2096"]

1.d4 Nf6 2.c4 g6 3.Nc3 d5 4.cxd5 Nxd5 5.e4 Nxc3 6.bxc3 Bg7 7.f4 c5 8.Be3 Nc6
9.Nf3 cxd4 10.cxd4 Bg4 11.e5 Bxf3 12.gxf3 Qa5+ 13.Kf2 Rd8 14.Bc4 O-O 15.d5 b5
16.Bb3 e6 17.Rc1 Nb8 18.d6 Nd7 19.Rc7 Nb6 20.Qc2 a6 21.Qc6 Nd5 22.Ra7 Nxe3
23.Kxe3 Qb4 24.Bxe6 fxe6 25.Qe4 Qc5+ 26.Qd4 Qxd4+ 27.Kxd4 Rxf4+ 28.Kc5 Bxe5
29.Rxa6 Rxf3 30.Re1 Rf5  0-1

[Event "6th TCh-Euro u18"]
[Site "Balatonlelle HUN"]
[Date "2006.07.15"]
[Round "4"]
[White "Bakos,B"]
[Black "Roganovic,Milo"]
[Result "1/2-1/2"]
[WhiteElo "2334"]
[BlackElo "2293"]

1.d4 Nf6 2.c4 g6 3.Nc3 d5 4.cxd5 Nxd5 5.e4 Nxc3 6.bxc3 Bg7 7.Nf3 O-O 8.Rb1 c5
9.Be2 Nc6 10.d5 Bxc3+ 11.Bd2 Bxd2+ 12.Qxd2 Nd4 13.Nxd4 cxd4 14.Qxd4 Qa5+
15.Qd2 Qxd2+ 16.Kxd2 e6 17.Bc4 exd5 18.Bxd5 Rb8 19.Ke3 Be6 20.Rhd1 Bxd5 21.exd5 Rfe8+
22.Kf3 Re7 23.Rbc1 Rd8 24.d6 Red7 25.Rc7 Rxd6 26.Rxd6 Rxd6 27.Rxb7 Ra6 28.Rb2  1/2-1/2

[Event "3rd ACT"]
[Site "Amsterdam NED"]
[Date "2006.07.16"]
[Round "2"]
[White "Li Shilong"]
[Black "Swinkels,R"]
[Result "1/2-1/2"]
[WhiteElo "2540"]
[BlackElo "2286"]

1.d4 Nf6 2.c4 g6 3.Nc3 d5 4.cxd5 Nxd5 5.e4 Nxc3 6.bxc3 Bg7 7.Bc4 Nc6 8.Ne2 O-O
9.Be3 b6 10.Qd2 Na5 11.Bd3 e5 12.Rd1 Be6 13.d5 Bd7 14.O-O f5 15.Bg5 Qe8 16.exf5 gxf5
17.Ng3 Qg6 18.f4 e4 19.Be2 Qd6 20.Kh1 Nb7 21.Nh5 Bh8 22.Qe3 h6 23.Bh4 Nc5
24.c4 Kh7 25.h3 Be8 26.Ng3 Bg6 27.Rf2 Rf7 28.Nf1 Raf8 29.Nd2 Na4 30.Nb3 Nc3
31.Rd2 a5 32.Rf1 Na4 33.Nd4 Bxd4 34.Qxd4 Nc5 35.Rc2 Rg7 36.Be1 Be8 37.Bc3 Rfg8
38.g4 Ba4 39.Rcc1 Bd7 40.Qe3 Rg6 41.Be5 Qe7 42.Bxc7 Qh4 43.Rc3 fxg4 44.f5 Rf6
45.Qg3 Qxh3+ 46.Qxh3 gxh3 47.Rxh3 Nd3 48.Kh2 Rxf5 49.Rxd3 Rxf1 50.Bxf1 exd3
51.Bxd3+ Kg7 52.Bxb6  1/2-1/2

[Event "Czech Open A"]
[Site "Pardubice CZE"]
[Date "2006.07.21"]
[Round "1"]
[White "Grachev,B"]
[Black "Kukel,I jr"]
[Result "1-0"]
[WhiteElo "2567"]
[BlackElo "2328"]

1.d4 Nf6 2.c4 g6 3.Nc3 d5 4.cxd5 Nxd5 5.e4 Nxc3 6.bxc3 Bg7 7.Nf3 O-O 8.h3 c5
9.Be2 b6 10.Be3 Bb7 11.Qd3 Ba6 12.Qd2 Qd7 13.O-O Bxe2 14.Qxe2 Qa4 15.Rac1 Rc8
16.e5 Nc6 17.e6 f6 18.d5 Na5 19.c4 Rf8 20.Rfd1 Nb7 21.Bf4 Rae8 22.Rd3 h6
23.h4 h5 24.Nd2 Kh7 25.Rcc3 Qxa2 26.Rg3 Qa1+ 27.Kh2 Bh6 28.Bxh6 Kxh6 29.Nb3 Qb1
30.Rgd3  1-0

[Event "Czech Open A"]
[Site "Pardubice CZE"]
[Date "2006.07.21"]
[Round "1"]
[White "Mihailovs,J"]
[Black "Nechepurenko,R"]
[Result "1/2-1/2"]
[WhiteElo "2258"]
[BlackElo "2463"]

1.d4 Nf6 2.c4 g6 3.Nc3 d5 4.cxd5 Nxd5 5.e4 Nxc3 6.bxc3 Bg7 7.Bc4 O-O 8.Ne2 c5
9.O-O cxd4 10.cxd4 Nc6 11.Be3 Na5 12.Bd3 Bd7 13.Rb1 Rc8 14.d5 Nc4 15.Bxc4 Rxc4
16.Rxb7 Rxe4 17.Rxa7 Bb5 18.Qb1 Rxe3 19.Qxb5 Re5 20.Rd7 Qb8 21.Nf4 e6 22.Nd3 Rf5
23.Nb4 Bd4 24.Nc2 Bc5 25.Ne3 Bxe3 26.fxe3 Rxf1+ 27.Kxf1 exd5 28.Kf2 Qe5 29.Qxd5 Qxh2
30.Qd4 h5  1/2-1/2

[Event "Politiken Cup"]
[Site "Copenhagen DEN"]
[Date "2006.07.22"]
[Round "1"]
[White "Lund,E"]
[Black "Andersen,Dani"]
[Result "1/2-1/2"]
[WhiteElo "2296"]
[BlackElo "1908"]

1.d4 Nf6 2.c4 g6 3.Nc3 d5 4.cxd5 Nxd5 5.e4 Nxc3 6.bxc3 Bg7 7.Bc4 c5 8.Ne2 O-O
9.Be3 Nc6 10.O-O Bd7 11.Rb1 a6 12.dxc5 Na5 13.Bd3 Be6 14.c6 Nxc6 15.Rxb7 Bxa2
16.Qc2 Be6 17.Rb6 Qc8 18.Nf4 Bd7 19.Nd5 Re8 20.Rb2 Rb8 21.Nb6 Qc7 22.Bxa6 Be6
23.Rc1 Na5 24.Qa4 Nb7 25.Nd5 Bxd5 26.exd5 Nc5 27.Rxb8 Rxb8 28.Bxc5 Qxc5 29.Bf1 Bxc3
30.Qc6 Rc8  1/2-1/2

[Event "10th Battle of Senta 1697 Open"]
[Site "Senta SCG"]
[Date "2006.07.22"]
[Round "3"]
[White "Sirotanovic,O"]
[Black "Djuric,Neb"]
[Result "1-0"]
[WhiteElo "2285"]
[BlackElo "2098"]

1.c4 Nf6 2.Nc3 d5 3.cxd5 Nxd5 4.d4 g6 5.e4 Nxc3 6.bxc3 Bg7 7.Nf3 O-O 8.Be3 c5
9.Rc1 Qa5 10.Qd2 Nc6 11.d5 Ne5 12.Nxe5 Bxe5 13.f4 Bg7 14.c4 Qxd2+ 15.Kxd2 b6
16.Be2 e5 17.g4 exf4 18.Bxf4 Re8 19.Kd3 Be5 20.Rcf1 Kg7 21.h4 f6 22.Bxe5 fxe5
23.g5 Bd7 24.Rf6 Rf8 25.Rhf1 Rxf6 26.Rxf6 Rf8 27.Rd6 Rf7 28.h5 gxh5 29.Bxh5 Re7
30.Rf6 Bh3 31.Ke3 Rb7 32.Be8 Re7 33.Bh5 Rb7 34.Kf2 a6 35.Kg3 Bd7 36.Rf7+ Kg8
37.Re7 Kf8 38.Rxh7 b5 39.Bg4 bxc4 40.Rxd7 c3 41.Rd8+ Ke7 42.Rc8  1-0

[Event "Politiken Cup"]
[Site "Copenhagen DEN"]
[Date "2006.07.24"]
[Round "3"]
[White "De Haan,E"]
[Black "Haugstad,E"]
[Result "1-0"]
[WhiteElo "2295"]
[BlackElo "2046"]

1.d4 Nf6 2.c4 g6 3.Nc3 d5 4.cxd5 Nxd5 5.e4 Nxc3 6.bxc3 Bg7 7.Nf3 c5 8.Rb1 Nc6
9.d5 Na5 10.c4 O-O 11.h3 e6 12.Bd3 Qc7 13.O-O exd5 14.cxd5 a6 15.Re1 Re8
16.Bb2 Bxb2 17.Rxb2 f6 18.Qc1 b5 19.Qc3 Kf7 20.e5 b4 21.Rxb4 Bb7 22.d6 Qc6
23.Rh4  1-0

[Event "Politiken Cup"]
[Site "Copenhagen DEN"]
[Date "2006.07.24"]
[Round "3"]
[White "Jakobsen,O"]
[Black "Dragicevic,Draz"]
[Result "1/2-1/2"]
[WhiteElo "2387"]
[BlackElo "2200"]

1.d4 Nf6 2.c4 g6 3.Nc3 d5 4.cxd5 Nxd5 5.e4 Nxc3 6.bxc3 Bg7 7.Qa4+ Nd7 8.Nf3 c5
9.Be2 O-O 10.O-O a6 11.Qa3 cxd4 12.cxd4 e5 13.Bg5 f6 14.Be3 f5 15.exf5 Rxf5
16.dxe5 Nxe5 17.Rad1 Qf8 18.Qb3+ Kh8 19.Nd4 Rf6 20.Bg5 Rd6 21.Nf3 Be6 22.Qxb7 Rb8
23.Qe4 Rxd1 24.Rxd1 Nxf3+ 25.gxf3 Bxa2 26.Bxa6 Re8 27.Qxe8 Qxe8 28.Rd8 Qxd8
29.Bxd8 Bd5 30.Kg2 Be5 31.Bd3 Kg7 32.Be4 Be6 33.Bh4 Bf4  1/2-1/2

[Event "XLVIII TCh-POR"]
[Site "Evora POR"]
[Date "2006.07.24"]
[Round "3"]
[White "Rocha,S"]
[Black "Pereira,Rub"]
[Result "1-0"]
[WhiteElo "2401"]
[BlackElo "2312"]

1.d4 Nf6 2.c4 g6 3.Nc3 d5 4.cxd5 Nxd5 5.e4 Nxc3 6.bxc3 Bg7 7.Nf3 c5 8.Be2 O-O
9.O-O cxd4 10.cxd4 Nc6 11.Be3 Bg4 12.d5 Bxf3 13.Bxf3 Ne5 14.Be2 Qa5 15.Qb3 Rac8
16.Rac1 b6 17.f4 Nd7 18.e5 Nc5 19.Qc4 Rc7 20.Rfd1 Ne6 21.Qb5 Rxc1 22.Rxc1 Qxb5
23.Bxb5 Nc5 24.Bxc5 bxc5 25.Rxc5 Rd8 26.Bc4 g5 27.Rc7 Kf8 28.d6 e6 29.g3 a5
30.Kg2 Re8 31.Kf3 gxf4 32.gxf4 Rb8 33.a4 Ke8 34.Bxe6 fxe6 35.Rxg7 Rb3+ 36.Kg4 Rb4
37.Rxh7 Rxa4 38.Kg5 Rb4 39.Ra7 a4 40.Kf6  1-0

[Event "Czech Open B1"]
[Site "Pardubice CZE"]
[Date "2006.07.24"]
[Round "4"]
[White "Roos,T"]
[Black "Massironi,M"]
[Result "1-0"]
[WhiteElo "2266"]
[BlackElo "2150"]

1.d4 Nf6 2.c4 g6 3.Nc3 d5 4.cxd5 Nxd5 5.e4 Nxc3 6.bxc3 Bg7 7.Bc4 O-O 8.Ne2 c5
9.Be3 Nc6 10.O-O Qc7 11.Rc1 Rd8 12.Bf4 Qd7 13.d5 Na5 14.Bb3 Nxb3 15.axb3 b5
16.c4 b4 17.Be3 Qc7 18.f4 a5 19.Rc2 Bd7 20.Ra2 Ra7 21.Nc1 Qb6 22.Nd3 Rc8
23.e5 a4 24.bxa4 b3 25.a5 Qb8 26.Ra3 b2 27.Qc2 Rb7 28.Rb1 Bf5 29.Rxb2 Bxd3
30.Rxb7 Bxc2 31.Rxb8 Rxb8 32.a6 f6 33.a7 Ra8 34.e6 f5 35.Bxc5 Bf6 36.Ra5 Kg7
37.Rb5 Bd3 38.Rb8 Rxa7 39.Bxa7 Bxc4 40.Rd8  1-0

[Event "Politiken Cup"]
[Site "Copenhagen DEN"]
[Date "2006.07.25"]
[Round "4"]
[White "De Haan,E"]
[Black "Boros,De"]
[Result "1/2-1/2"]
[WhiteElo "2295"]
[BlackElo "2462"]

1.d4 Nf6 2.c4 g6 3.Nc3 d5 4.cxd5 Nxd5 5.e4 Nxc3 6.bxc3 Bg7 7.Nf3 O-O 8.Be2 c5
9.O-O b6 10.Bg5 Bb7 11.Qd3 Ba6 12.Qe3 Bxe2 13.Qxe2 cxd4 14.cxd4 Nc6 15.Rad1 h6
16.Bh4 g5  1/2-1/2

[Event "Politiken Cup"]
[Site "Copenhagen DEN"]
[Date "2006.07.25"]
[Round "4"]
[White "Ostergaard,R"]
[Black "Andersen,Har"]
[Result "1-0"]
[WhiteElo "2173"]
[BlackElo "1891"]

1.d4 Nf6 2.c4 g6 3.Nc3 d5 4.cxd5 Nxd5 5.e4 Nxc3 6.bxc3 Bg7 7.Nf3 O-O 8.Be2 c5
9.O-O Nc6 10.Be3 Bg4 11.d5 Na5 12.Bxc5 Bxc3 13.Rc1 Bg7 14.Bd4 b6 15.Bxg7 Kxg7
16.Qd4+ Kg8 17.e5 Bxf3 18.Bxf3 Qd7 19.d6 Rac8 20.Bg4 e6 21.Bf3 Nb7 22.Bxb7 Qxb7
23.h3 Rc6 24.Qe4 Rfc8 25.Rxc6 Rxc6 26.Rd1 Qd7 27.Qxc6  1-0

[Event "10th Battle of Senta 1697 Open"]
[Site "Senta SCG"]
[Date "2006.07.25"]
[Round "6"]
[White "Miljkovic,Mih"]
[Black "Fridvalszki,R"]
[Result "1-0"]
[WhiteElo "2280"]
[BlackElo "2048"]

1.d4 Nf6 2.c4 g6 3.Nc3 d5 4.cxd5 Nxd5 5.e4 Nxc3 6.bxc3 Bg7 7.Bc4 c5 8.Ne2 O-O
9.O-O Nc6 10.Be3 Qc7 11.Rc1 Rd8 12.Qd2 a6 13.a4 Na5 14.Ba2 Bd7 15.Ra1 c4
16.Qd1 b5 17.axb5 Bxb5 18.Re1 Rab8 19.Nc1 Qc6 20.Bf4 Rb7 21.Bb1 Nb3 22.Ra3 Nxc1
23.Qxc1 e6 24.Bc2 Bf8 25.Ra2 Ra8 26.Qa1 Qd7 27.Ra5 Be7 28.h3 Bd8 29.Ra2 a5
30.Bc1 a4 31.Ba3 Ba5 32.Rb1 Rab8 33.Bb4 Bc7 34.Bxa4 Qd8 35.Bxb5 Rxb5 36.Re1 Qh4
37.e5 f6 38.Ra7 Rc8 39.Qa6 Rbb8 40.Qxe6+ Kh8 41.Be7 Bd8 42.exf6 Rb2 43.Rf1 Rbb8
44.Qf7  1-0

[Event "10th Battle of Senta 1697 Open"]
[Site "Senta SCG"]
[Date "2006.07.26"]
[Round "7"]
[White "Djuketic,N"]
[Black "Djuric,Neb"]
[Result "1-0"]
[WhiteElo "2275"]
[BlackElo "2098"]

1.d4 Nf6 2.c4 g6 3.Nc3 d5 4.cxd5 Nxd5 5.e4 Nxc3 6.bxc3 Bg7 7.Bc4 c5 8.Ne2 cxd4
9.cxd4 Nc6 10.Be3 O-O 11.O-O Bg4 12.f3 Na5 13.Bd3 Be6 14.Rc1 Bxa2 15.Qa4 Be6
16.d5 Bd7 17.Qb4 b6 18.Ba6 Re8 19.Nd4 Bc8 20.Bb5 Bd7 21.Nc6 Bxc6 22.dxc6 Qc7
23.Rfd1 Be5 24.Rd7 Bxh2+ 25.Kf1 Qe5 26.c7 Qf6 27.Ba6 Nc6 28.Qc3 Ne5 29.Rd5 Ng4
30.Qxf6 Nxe3+ 31.Ke2 Nxd5 32.Qh4 Nxc7 33.Bb7 Bd6 34.Bxa8 Rxa8 35.e5 Bc5 36.Rh1 h5
37.g4 Kf8 38.gxh5 gxh5 39.Qxh5 Ke8 40.Qg4 e6 41.Rh8+ Kd7 42.Rh7 Rf8 43.Rh1 Kc6
44.Rc1 a5 45.Qg7 Ra8 46.Qxf7 a4 47.Rd1 a3 48.Qd7+ Kb7 49.Rd6 a2 50.Qc6+ Kc8
51.Rd7 Ra7 52.Rh7 Be7 53.Rxe7 Kb8 54.Rh7 Rb7 55.Rh8+ Ka7 56.Qa4+ Na6 57.Qxa2  1-0

[Event "10th Battle of Senta 1697 Open"]
[Site "Senta SCG"]
[Date "2006.07.26"]
[Round "7"]
[White "Tomin,K"]
[Black "Cvijic,N"]
[Result "0-1"]
[WhiteElo "2015"]
[BlackElo "2179"]

1.d4 Nf6 2.c4 g6 3.Nc3 d5 4.cxd5 Nxd5 5.e4 Nxc3 6.bxc3 Bg7 7.Be3 O-O 8.Rc1 c5
9.Be2 cxd4 10.cxd4 Qa5+ 11.Qd2 Qxd2+ 12.Kxd2 Rd8 13.Ke1 Nc6 14.d5 Nb4 15.a3 Na2
16.Rc2 Nc3 17.f3 e6 18.dxe6 Bxe6 19.h4 b5 20.h5 a5 21.h6 Bh8 22.Nh3 b4 23.axb4 axb4
24.Kf2 b3 25.Rd2 b2 26.Rxb2 Nxe4+ 27.fxe4 Bxb2 28.Bf4 Bd4+ 29.Kg3 Ra3+ 30.Bf3 Be3
31.Ng5 Bc4 32.Re1 Bxf4+ 33.Kxf4 f6 34.Nh3 Be6 35.Nf2 g5+ 36.Kg3 Kf7 37.Rc1 Rc8
38.Rb1 Rb3 39.Ra1 Rc7 40.Ra6 Bc4 41.Rd6 Be6 42.Ra6 Bc8 43.Rd6 Rd7 44.Rc6 Bb7
45.Rc4 Re7 46.Rd4 Kg6 47.Kh2 Kxh6 48.Ng4+ Kg7 49.Rd6 Bxe4 50.Bxe4 Rxe4 51.Nxf6 Rh4+
52.Kg1 Rb1+ 53.Kf2 Rf4+ 54.Kg3 Rb3+ 55.Kh2 Rxf6 56.Rd5 Kg6 57.Ra5 h5 58.Rc5 g4
59.Ra5 h4 60.Ra2 Rf1 61.Rc2 g3+ 62.Kh3 Rh1+ 63.Kg4 Rb4+  0-1

[Event "Politiken Cup"]
[Site "Copenhagen DEN"]
[Date "2006.07.27"]
[Round "6"]
[White "Sande,O"]
[Black "Hansen,ML"]
[Result "1-0"]
[WhiteElo "2300"]
[BlackElo "2009"]

1.d4 Nf6 2.c4 g6 3.Nc3 d5 4.cxd5 Nxd5 5.e4 Nxc3 6.bxc3 Bg7 7.Bc4 O-O 8.Ne2 c5
9.O-O Nc6 10.Be3 cxd4 11.cxd4 Bg4 12.f3 Na5 13.Bxf7+ Rxf7 14.fxg4 Rxf1+ 15.Kxf1 Qd7
16.h3 Qe6 17.Qd3 Rc8 18.Kg1 Nc4 19.Rc1 b5 20.d5 Qa6 21.Bd4 Bh6 22.Rc2 Rd8
23.Qg3 Rf8 24.g5 e5 25.Bc5 Rc8 26.gxh6 Rxc5 27.Rxc4 Rxc4 28.Qxe5 Qb6+ 29.Kh1 Kf8
30.Qh8+ Ke7 31.Qxh7+ Kd8 32.Qg8+ Kc7 33.h7 Qf2 34.Qg7+ Kb6 35.Qxg6+ Ka5 36.h8=Q Qxe2
37.Qd8+ Kb4 38.Qdd6+  1-0

[Event "Politiken Cup"]
[Site "Copenhagen DEN"]
[Date "2006.07.28"]
[Round "7"]
[White "Sorensen,Je"]
[Black "Andersen,Dani"]
[Result "1-0"]
[WhiteElo "1914"]
[BlackElo "1908"]

1.d4 Nf6 2.c4 g6 3.Nc3 d5 4.cxd5 Nxd5 5.e4 Nxc3 6.bxc3 Bg7 7.Bc4 c5 8.Ne2 O-O
9.O-O Nc6 10.Be3 Bd7 11.Rb1 a6 12.dxc5 Na5 13.Bd3 Be6 14.Rb4 Qc7 15.Qc2 Rfd8
16.Nf4 Qd7 17.Rd1 Nc4 18.Bd4 Ne5 19.Be2 Qc8 20.Nxe6 Qxe6 21.Rxb7 Nc6 22.Rb6 Qc8
23.Qa4 e5  1-0

[Event "Politiken Cup"]
[Site "Copenhagen DEN"]
[Date "2006.07.28"]
[Round "7"]
[White "Degtiarev,E"]
[Black "Grassie,D"]
[Result "1-0"]
[WhiteElo "2378"]
[BlackElo "2042"]

1.d4 Nf6 2.c4 g6 3.Nc3 d5 4.cxd5 Nxd5 5.e4 Nxc3 6.bxc3 Bg7 7.Bc4 c5 8.Ne2 O-O
9.O-O Nc6 10.Be3 Qc7 11.Rb1 cxd4 12.cxd4 Nxd4 13.Bxf7+ Rxf7 14.Nxd4 b6 15.Qa4 Qd7
16.Qb4 Bb7 17.Nb3 e6 18.Nd2 Rc8 19.Rbc1 Rc6 20.Rfd1 Qc7 21.Nf3 Rd7 22.h4 Qd8
23.Qb3 Rcd6 24.Rxd6 Rxd6 25.Bf4 Bxe4 26.Bxd6 Qxd6 27.Rc8+ Bf8 28.Ng5 Bd5
29.Qa4 h6 30.Qe8 hxg5 31.Qxg6+ Kh8 32.Qf7  1-0

[Event "Politiken Cup"]
[Site "Copenhagen DEN"]
[Date "2006.07.28"]
[Round "7"]
[White "Tallaksen,G"]
[Black "Dragicevic,Draz"]
[Result "1-0"]
[WhiteElo "2356"]
[BlackElo "2200"]

1.d4 Nf6 2.c4 g6 3.Nc3 d5 4.cxd5 Nxd5 5.e4 Nxc3 6.bxc3 Bg7 7.Bc4 c5 8.Ne2 O-O
9.O-O Nc6 10.Be3 Qc7 11.Rc1 Rd8 12.Bf4 e5 13.Bg5 Rd6 14.Bd5 cxd4 15.cxd4 Be6
16.Qb3 Qb6 17.Bxe6 fxe6 18.dxe5 Qxb3 19.axb3 Nxe5 20.Rc7 b6 21.Rfc1 Nd3 22.Rc8+ Rxc8
23.Rxc8+ Kf7 24.Rc7+ Kg8 25.Be7 Rd4 26.Nxd4 Bxd4 27.Kf1 Bxf2 28.Ke2  1-0

[Event "Czech Open A"]
[Site "Pardubice CZE"]
[Date "2006.07.28"]
[Round "8"]
[White "Dorfanis,I"]
[Black "Svoboda,S"]
[Result "1/2-1/2"]
[WhiteElo "2182"]
[BlackElo "2309"]

1.d4 Nf6 2.c4 g6 3.Nc3 d5 4.cxd5 Nxd5 5.e4 Nxc3 6.bxc3 Bg7 7.Be3 c5 8.Qd2 Qa5
9.Nf3 Nc6 10.Rc1 cxd4 11.cxd4 Qxd2+ 12.Kxd2 O-O 13.d5 Rd8 14.Ke1 Nb4 15.Bd2 Na6
16.Be3 Nb4 17.Bd2 Na6 18.Be3 Nb4  1/2-1/2

[Event "Copa Mercosur"]
[Site "Villa Martelli ARG"]
[Date "2006.07.28"]
[Round "5"]
[White "Valerga,D"]
[Black "Liascovich,L"]
[Result "0-1"]
[WhiteElo "2470"]
[BlackElo "2395"]

1.d4 Nf6 2.c4 g6 3.Nc3 d5 4.cxd5 Nxd5 5.e4 Nxc3 6.bxc3 Bg7 7.Bc4 c5 8.Ne2 cxd4
9.cxd4 Nc6 10.Be3 O-O 11.Rc1 Qa5+ 12.Kf1 Rd8 13.d5 Ne5 14.Bb3 f5 15.d6+ Kh8
16.Rc5 Qb4 17.a3 Qxe4 18.Nc3 Qh4 19.Qd4 Ng4 20.Nb5 b6 21.dxe7 Qxe7 22.Rc7 Bd7
23.Nc3 Nxe3+ 24.Qxe3 Qxe3 25.fxe3 Be5  0-1

[Event "Politiken Cup"]
[Site "Copenhagen DEN"]
[Date "2006.07.29"]
[Round "8"]
[White "Al Saad,M"]
[Black "Hansen,ML"]
[Result "0-1"]
[WhiteElo "1822"]
[BlackElo "2009"]

1.d4 Nf6 2.c4 g6 3.Nc3 d5 4.cxd5 Nxd5 5.e4 Nxc3 6.bxc3 Bg7 7.Nf3 O-O 8.Be2 c5
9.O-O cxd4 10.cxd4 Bg4 11.Be3 Nc6 12.e5 e6 13.Qa4 a6 14.Rad1 b5 15.Qa3 Qa5
16.Qb2 Rac8 17.Ng5 Bxe2 18.Qxe2 Ne7 19.h4 Nd5 20.Bd2 Qxa2 21.Qf3 Qc2 22.Ne4 f6
23.Rc1 Qa4 24.Rxc8 Rxc8 25.exf6 Rf8 26.Bg5 Qxd4 27.Qg4 Nxf6 28.Qxe6+ Kh8
29.Bxf6 Bxf6 30.Nd6 Bxh4 31.Kh1 Bxf2 32.Ne4 Rf4 33.Ng5 Rf6 34.Qe8+ Kg7 35.Ne4 Rf8
36.Qe6 Bh4 37.Rc1 Rf7 38.Nd6 Re7 39.Rc7 Rxc7 40.Ne8+ Kh6 41.Nxc7 Bg3 42.Qh3+ Qh4
43.Nxa6 Qxh3+ 44.gxh3 Bd6  0-1

[Event "Dutch Open"]
[Site "Dieren NED"]
[Date "2006.07.29"]
[Round "5"]
[White "Senff,M"]
[Black "Swinkels,R"]
[Result "1/2-1/2"]
[WhiteElo "2464"]
[BlackElo "2286"]

1.d4 Nf6 2.c4 g6 3.Nc3 d5 4.cxd5 Nxd5 5.e4 Nxc3 6.bxc3 Bg7 7.Nf3 c5 8.Be3 Qa5
9.Qd2 O-O 10.Rc1 cxd4 11.cxd4 Qxd2+ 12.Kxd2 Rd8 13.d5 e6 14.Bc4 Nc6 15.Rhd1 exd5
16.exd5 Na5 17.Ke1 Nxc4 18.Rxc4 Bf8 19.Ng5 Bf5 20.Rc7 Rd7 21.Rxd7 Bxd7 22.Ne4 Be7
23.Rc1 Bd8 24.Nc5 Bc8 25.d6 b6 26.Nd3 Bf5 27.Nb4 Kf8 28.Nc6 Bf6 29.Nd4 Bxd4
30.Bxd4 Rc8 31.Rxc8+  1/2-1/2

[Event "15th Open A"]
[Site "Vienna AUT"]
[Date "2006.07.31"]
[Round "3"]
[White "Haas,B"]
[Black "Nagel,H"]
[Result "1/2-1/2"]
[WhiteElo "1937"]
[BlackElo "2142"]

1.d4 Nf6 2.c4 g6 3.Nc3 d5 4.cxd5 Nxd5 5.e4 Nxc3 6.bxc3 Bg7 7.Nf3 O-O 8.Be3 c5
9.Rb1 cxd4 10.cxd4 Qa5+ 11.Qd2 Qxd2+ 12.Kxd2 Nc6 13.Bb5 Na5 14.Rhc1 a6 15.Bd3 Bg4
16.d5 b5 17.Bb6 Bh6+ 18.Be3 Bxe3+ 19.Kxe3 Bxf3 20.gxf3 Rfc8 21.Kd2 Kf8 22.Rxc8+ Rxc8
23.Rc1 Rxc1 24.Kxc1 Ke8 25.Kd2 Kd7 26.e5 e6 27.d6 Nc6 28.f4 Nb4 29.a4 bxa4
30.Bc4 a3 31.Kc3 a5 32.Bb5+ Kd8 33.Bc4 a2 34.Kb2 a4 35.Bxa2 Nd3+ 36.Ka3 Nxf2
37.Kxa4 Nd3 38.Kb5 Nxf4 39.Kc5 Ne2 40.Bb1 h5 41.Bd3 Nf4 42.Kd4 g5 43.Ke3 Nd5+
44.Ke4 f6 45.exf6 Nxf6+ 46.Ke5 Ng4+ 47.Kxe6 Nxh2 48.Kf5  1/2-1/2

[Event "15th Open A"]
[Site "Vienna AUT"]
[Date "2006.07.31"]
[Round "3"]
[White "Wukits,R"]
[Black "Van der Weide,K"]
[Result "0-1"]
[WhiteElo "2298"]
[BlackElo "2446"]

1.d4 Nf6 2.c4 g6 3.Nc3 d5 4.cxd5 Nxd5 5.e4 Nxc3 6.bxc3 Bg7 7.Bc4 c5 8.Ne2 Nc6
9.Be3 O-O 10.O-O Bd7 11.Rb1 a6 12.dxc5 Na5 13.Bd5 Qc7 14.Bf4 Qc8 15.Qd3 Bg4
16.Rfe1 Bxe2 17.Qxe2 e6 18.Bd6 exd5 19.Bxf8 Bxf8 20.exd5 Qxc5 21.Qf3 Rd8
22.Rbd1 Nc4 23.h4 h5 24.d6 Nxd6 25.Rd5 Qc7 26.Red1 Re8 27.Qg3 Nb5 28.Qxc7 Nxc7
29.Rd7 Ne6 30.Rxb7 Nc5 31.Rb2 Re4 32.Rd4 Re1+ 33.Kh2 Rc1 34.Rc4 Nd3 35.Rd2 Ne5
36.Rc8 Ng4+ 37.Kg3 Kg7 38.Rc7 Bb4 39.Rd3 Ne5 40.Rd5 Rxc3+ 41.Rxc3 Bxc3 42.Kf4 Ng4
43.f3 Nf6 44.Rd6 a5 45.g4 Be1 46.gxh5 Nxh5+ 47.Ke3 Bxh4 48.Ra6 Be1 49.a3 Ng3
50.Kd3 Kf8 51.Rb6 Nh5 52.Ke3 Bg3 53.Rc6 Nf4 54.Ra6 Ng2+ 55.Ke4 Bc7  0-1

[Event "15th Open A"]
[Site "Vienna AUT"]
[Date "2006.08.01"]
[Round "4"]
[White "Albadri,A"]
[Black "Hirsch,Ad"]
[Result "1-0"]
[WhiteElo "2195"]
[BlackElo "2062"]

1.d4 Nf6 2.c4 g6 3.Nc3 d5 4.cxd5 Nxd5 5.e4 Nxc3 6.bxc3 Bg7 7.Bc4 c5 8.Ne2 O-O
9.O-O cxd4 10.cxd4 Nc6 11.Be3 Na5 12.Bd3 e6 13.Rc1 b6 14.Qd2 Bb7 15.Bh6 Qd7
16.Bxg7 Kxg7 17.f4 f5 18.d5 fxe4 19.Bxe4 exd5 20.Qd4+ Kg8 21.Nc3 Qg7 22.Bxd5+ Bxd5
23.Qxd5+ Qf7 24.f5 Rad8 25.Qxf7+ Rxf7 26.f6 Nc4 27.Ne4 Ne5 28.Rce1 Rfd7 29.f7+ Nxf7
30.Nf6+ Kg7 31.Nxd7 Rxd7 32.a4 Rb7 33.Re6 Ng5 34.Re5 Nf7 35.Rd5 h5 36.Rfd1 Rb8
37.Rd7 a5 38.Rf1  1-0